00310 a2200121 450000100060000008200170000610000210002324500460004426000260009030000190011650000250013552000280016092682 a621.3848 RIC aMarck A Richards aFundamentals of radar signal processing aNYbMcGraw Hillc2005 axxviii, 513 p. aMS textbook Avionics aradar-signal processing